[Event "Blitz 2018"]
[Site "Saint-Petersburg"]
[Date "2018.12.29"]
[Round "2"]
[Board "3"]
[White "Tari Aryan (NOR)"]
[Black "Aronian Levon (ARM)"]
[Result "0-1"]
[BlackElo "2858"]
[WhiteElo "2608"]
[LiveChessVersion "1.4.8"]

1. e4 {[%clk 0:03:03]} e5 {[%clk 0:03:03]} 2. Nf3 {[%clk 0:03:03]} Nc6
{[%clk 0:03:04]} 3. d4 {[%clk 0:03:00]} exd4 {[%clk 0:03:05]} 4. Nxd4
{[%clk 0:03:01]} Nf6 {[%clk 0:03:06]} 5. Nc3 {[%clk 0:02:45]} Bb4
{[%clk 0:03:06]} 6. Nxc6 {[%clk 0:02:45]} bxc6 {[%clk 0:03:07]} 7. Bd3
{[%clk 0:02:46]} O-O {[%clk 0:03:07]} 8. O-O {[%clk 0:02:46]} Re8
{[%clk 0:03:08]} 9. Bg5 {[%clk 0:02:20]} h6 {[%clk 0:03:08]} 10. Bh4
{[%clk 0:02:21]} g5 {[%clk 0:03:06]} 11. Bg3 {[%clk 0:02:21]} Bxc3
{[%clk 0:03:07]} 12. bxc3 {[%clk 0:02:22]} Nxe4 {[%clk 0:03:08]} 13. Qh5
{[%clk 0:02:07]} d6 {[%clk 0:03:09]} 14. Rae1 {[%clk 0:01:56]} Bf5
{[%clk 0:02:53]} 15. Qxh6 {[%clk 0:01:34]} Re6 {[%clk 0:02:41]} 16. Qh5
{[%clk 0:01:34]} Qf6 {[%clk 0:01:54]} 17. Bxe4 {[%clk 0:01:31]} Bxe4
{[%clk 0:01:45]} 18. h4 {[%clk 0:01:31]} gxh4 {[%clk 0:01:18]} 19. Qg4+
{[%clk 0:00:54]} Qg7 {[%clk 0:00:37]} 20. Qxh4 {[%clk 0:00:54]} Rae8
{[%clk 0:00:38]} 21. Re2 {[%clk 0:00:39]} Bd5 {[%clk 0:00:27]} 22. Rxe6
{[%clk 0:00:37]} Bxe6 {[%clk 0:00:25]} 23. Re1 {[%clk 0:00:36]} Qxc3
{[%clk 0:00:11]} 24. Qg5+ {[%clk 0:00:16]} Qg7 {[%clk 0:00:12]} 25. Qa5
{[%clk 0:00:14]} Rc8 {[%clk 0:00:08]} 26. Qxa7 {[%clk 0:00:13]} Qc3
{[%clk 0:00:08]} 27. Qe3 {[%clk 0:00:07]} Qxe3 28. Rxe3 {[%clk 0:00:09]} Bxa2
{[%clk 0:00:10]} 29. Re7 {[%clk 0:00:08]} Be6 {[%clk 0:00:08]} 30. Bf4
{[%clk 0:00:05]} Kg7 {[%clk 0:00:08]} 31. Bg5 {[%clk 0:00:05]} Kg6
{[%clk 0:00:09]} 32. Bh4 {[%clk 0:00:06]} c5 {[%clk 0:00:10]} 33. c3
{[%clk 0:00:06]} Kf5 {[%clk 0:00:10]} 34. f3 {[%clk 0:00:07]} Ke5
{[%clk 0:00:10]} 35. Kf2 {[%clk 0:00:08]} Kd5 {[%clk 0:00:11]} 36. Ke3
{[%clk 0:00:09]} Kc4 {[%clk 0:00:12]} 37. g4 {[%clk 0:00:10]} Kxc3
{[%clk 0:00:12]} 38. Bf6+ {[%clk 0:00:11]} Kc4 {[%clk 0:00:13]} 39. g5
{[%clk 0:00:12]} Bd5 {[%clk 0:00:12]} 40. f4 {[%clk 0:00:14]} Ra8
{[%clk 0:00:11]} 41. f5 {[%clk 0:00:13]} Ra3+ {[%clk 0:00:12]} 42. Kf4
{[%clk 0:00:14]} Rf3+ {[%clk 0:00:12]} 43. Kg4 {[%clk 0:00:16]} Rf1
{[%clk 0:00:13]} 44. Rxc7 {[%clk 0:00:17]} Be4 {[%clk 0:00:14]} 45. Rxf7
{[%clk 0:00:08]} Bxf5+ {[%clk 0:00:15]} 46. Kg3 {[%clk 0:00:09]} Be4
{[%clk 0:00:12]} 47. Rc7 {[%clk 0:00:09]} Kd5 {[%clk 0:00:12]} 48. Be7
{[%clk 0:00:09]} Ke6 {[%clk 0:00:11]} 49. Bf6 {[%clk 0:00:09]} Kd5
{[%clk 0:00:09]} 50. Be7 {[%clk 0:00:10]} Rf7 {[%clk 0:00:09]} 51. Bxd6
{[%clk 0:00:09]} Rf3+ {[%clk 0:00:11]} 52. Kg4 {[%clk 0:00:04]} Kxd6 53. Ra7
{[%clk 0:00:04]} Rf1 {[%clk 0:00:12]} 54. Kh5 {[%clk 0:00:04]} Rg1
{[%clk 0:00:12]} 55. Kh6 {[%clk 0:00:05]} c4 {[%clk 0:00:13]} 56. Ra5
{[%clk 0:00:05]} c3 {[%clk 0:00:13]} 0-1

[Event "Blitz 2018"]
[Site "Saint-Petersburg"]
[Date "2018.12.29"]
[Round "2"]
[Board "4"]
[White "Nepomniachtchi Ian (RUS)"]
[Black "Mchedlishvili Mikheil (GEO)"]
[Result "1-0"]
[BlackElo "2607"]
[WhiteElo "2846"]
[LiveChessVersion "1.4.8"]

1. e4 {[%clk 0:03:03]} c6 {[%clk 0:03:03]} 2. d4 {[%clk 0:03:04]} d5
{[%clk 0:03:04]} 3. e5 {[%clk 0:03:05]} Bf5 {[%clk 0:03:03]} 4. h4
{[%clk 0:03:06]} h5 {[%clk 0:02:59]} 5. Bd3 {[%clk 0:03:07]} Bxd3 6. Qxd3
{[%clk 0:03:08]} Qa5+ {[%clk 0:02:49]} 7. Nc3 {[%clk 0:02:57]} e6
{[%clk 0:02:47]} 8. Bg5 {[%clk 0:02:46]} Qa6 {[%clk 0:02:37]} 9. Qf3
{[%clk 0:02:40]} Ne7 {[%clk 0:01:58]} 10. Nge2 {[%clk 0:02:34]} Nf5
{[%clk 0:01:57]} 11. O-O {[%clk 0:02:33]} Nd7 {[%clk 0:01:57]} 12. Rad1
{[%clk 0:02:22]} Be7 {[%clk 0:01:49]} 13. Bxe7 {[%clk 0:02:22]} Nxe7
{[%clk 0:01:50]} 14. Ng3 {[%clk 0:02:15]} g6 {[%clk 0:01:50]} 15. a3
{[%clk 0:02:11]} Qb6 {[%clk 0:01:41]} 16. b3 {[%clk 0:02:09]} c5 {[%clk 0:01:07]}
17. Na4 {[%clk 0:02:08]} Qc6 {[%clk 0:01:08]} 18. Nxc5 {[%clk 0:01:53]} Nxc5
{[%clk 0:01:09]} 19. dxc5 Qxc5 {[%clk 0:01:09]} 20. c4 {[%clk 0:01:56]} O-O
{[%clk 0:00:40]} 21. cxd5 {[%clk 0:01:56]} Nxd5 {[%clk 0:00:37]} 22. Ne4
{[%clk 0:01:46]} Qc7 {[%clk 0:00:19]} 23. Qg3 {[%clk 0:01:46]} Kg7
{[%clk 0:00:18]} 24. Nf6 {[%clk 0:01:46]} Kh8 {[%clk 0:00:12]} 25. Rxd5
{[%clk 0:01:40]} exd5 {[%clk 0:00:11]} 26. Qg5 {[%clk 0:01:39]} Kg7
{[%clk 0:00:11]} 27. Nxh5+ {[%clk 0:01:40]} Kh7 {[%clk 0:00:12]} 28. Nf6+
{[%clk 0:01:40]} Kg7 {[%clk 0:00:14]} 29. Ng4 {[%clk 0:01:35]} Rh8
{[%clk 0:00:11]} 30. e6 {[%clk 0:01:36]} fxe6 {[%clk 0:00:06]} 31. Qf6+ Kg8 32.
Qxg6+ {[%clk 0:01:29]} Qg7 {[%clk 0:00:09]} 33. Qxe6+ {[%clk 0:01:29]} Kf8
{[%clk 0:00:09]} 34. Ne5 {[%clk 0:01:21]} Rh6 {[%clk 0:00:05]} 35. Nd7+
{[%clk 0:01:22]} 1-0

[Event "Blitz 2018"]
[Site "Saint-Petersburg"]
[Date "2018.12.29"]
[Round "2"]
[Board "5"]
[White "Tomashevsky Evgeny (RUS)"]
[Black "Anand Viswanathan (IND)"]
[Result "1/2-1/2"]
[LiveChessVersion "1.4.8"]
[BlackElo "2832"]
[WhiteElo "2602"]

1. c4 {[%clk 0:03:02]} c5 {[%clk 0:03:02]} 2. Nf3 {[%clk 0:03:02]} Nc6
{[%clk 0:03:02]} 3. Nc3 {[%clk 0:03:02]} Nf6 {[%clk 0:03:02]} 4. g3
{[%clk 0:03:02]} d5 {[%clk 0:03:02]} 5. d4 {[%clk 0:03:02]} e6 {[%clk 0:03:02]}
6. cxd5 {[%clk 0:03:02]} Nxd5 {[%clk 0:03:02]} 7. Bg2 {[%clk 0:03:02]} cxd4
{[%clk 0:03:02]} 8. Nxd4 {[%clk 0:03:02]} Nxc3 {[%clk 0:03:02]} 9. bxc3
{[%clk 0:03:02]} Nxd4 {[%clk 0:03:02]} 10. Qxd4 {[%clk 0:02:46]} Qxd4
{[%clk 0:03:02]} 11. cxd4 {[%clk 0:02:46]} Bd6 {[%clk 0:03:02]} 12. h4
{[%clk 0:01:59]} Rb8 {[%clk 0:02:57]} 13. h5 {[%clk 0:02:00]} b5 {[%clk 0:02:55]}
14. h6 {[%clk 0:01:55]} g6 {[%clk 0:02:55]} 15. Bf4 {[%clk 0:01:16]} Bxf4
{[%clk 0:02:54]} 16. gxf4 {[%clk 0:01:17]} Bb7 {[%clk 0:02:48]} 17. Bxb7
{[%clk 0:01:09]} Rxb7 {[%clk 0:02:48]} 18. Kd2 {[%clk 0:00:55]} Ke7
{[%clk 0:02:31]} 19. Rhc1 {[%clk 0:00:52]} Rd8 {[%clk 0:02:31]} 20. e3
{[%clk 0:00:42]} Rd5 {[%clk 0:02:30]} 21. Rab1 {[%clk 0:00:38]} b4
{[%clk 0:02:25]} 22. Kd3 {[%clk 0:00:35]} a5 {[%clk 0:02:20]} 23. a3
{[%clk 0:00:28]} Rh5 {[%clk 0:02:10]} 24. axb4 {[%clk 0:00:29]} axb4
{[%clk 0:02:11]} 25. Rc4 {[%clk 0:00:29]} b3 {[%clk 0:02:05]} 26. Rb2
{[%clk 0:00:17]} Rxh6 {[%clk 0:01:56]} 27. Rc3 {[%clk 0:00:18]} Rh1
{[%clk 0:01:48]} 28. Rcxb3 {[%clk 0:00:16]} Rxb3+ {[%clk 0:01:48]} 29. Rxb3
{[%clk 0:00:17]} h5 {[%clk 0:01:45]} 30. Ke4 1/2-1/2

[Event "Blitz 2018"]
[Site "Saint-Petersburg"]
[Date "2018.12.29"]
[Round "2"]
[Board "6"]
[White "Artemiev Vladislav (RUS)"]
[Black "Pantsulaia Levan (GEO)"]
[Result "1-0"]
[LiveChessVersion "1.4.8"]
[BlackElo "2584"]
[WhiteElo "2825"]

1. e4 {[%clk 0:03:01]} c5 {[%clk 0:03:03]} 2. Nf3 {[%clk 0:03:01]} e6
{[%clk 0:03:03]} 3. d4 {[%clk 0:03:01]} cxd4 {[%clk 0:03:04]} 4. Nxd4
{[%clk 0:03:02]} a6 {[%clk 0:03:05]} 5. Bd3 {[%clk 0:03:02]} Nf6 {[%clk 0:03:05]}
6. O-O {[%clk 0:03:01]} e5 {[%clk 0:03:06]} 7. Nb3 {[%clk 0:02:56]} Nc6
{[%clk 0:03:05]} 8. c4 {[%clk 0:02:56]} d6 {[%clk 0:02:56]} 9. Nc3
{[%clk 0:02:56]} Be7 {[%clk 0:02:56]} 10. Nd5 {[%clk 0:02:55]} Nxd5
{[%clk 0:02:52]} 11. cxd5 {[%clk 0:02:55]} Nb8 {[%clk 0:02:53]} 12. Be3
{[%clk 0:02:52]} O-O {[%clk 0:02:51]} 13. Rc1 {[%clk 0:02:52]} Nd7
{[%clk 0:02:51]} 14. Qd2 {[%clk 0:02:25]} Nf6 {[%clk 0:02:27]} 15. Qa5
{[%clk 0:02:21]} Qe8 {[%clk 0:01:50]} 16. Qc7 {[%clk 0:02:21]} Ng4
{[%clk 0:01:47]} 17. Bd2 {[%clk 0:02:22]} f5 {[%clk 0:01:37]} 18. f3
{[%clk 0:01:57]} Nf6 {[%clk 0:01:23]} 19. Bb4 {[%clk 0:01:56]} fxe4
{[%clk 0:00:59]} 20. Bxe4 {[%clk 0:01:51]} Qd8 {[%clk 0:00:38]} 21. Qxd8
{[%clk 0:01:37]} Rxd8 {[%clk 0:00:39]} 22. Na5 {[%clk 0:01:35]} Rb8
{[%clk 0:00:30]} 23. Nc4 {[%clk 0:00:51]} Bf8 {[%clk 0:00:18]} 24. Ba5
{[%clk 0:00:49]} Rd7 {[%clk 0:00:11]} 25. Nb6 {[%clk 0:00:49]} Rd8
{[%clk 0:00:13]} 26. Nxc8 {[%clk 0:00:41]} Rdxc8 {[%clk 0:00:14]} 27. Bc7
{[%clk 0:00:42]} Ra8 {[%clk 0:00:15]} 28. Bf5 {[%clk 0:00:44]} b5
{[%clk 0:00:11]} 29. Bxc8 {[%clk 0:00:44]} Rxc8 {[%clk 0:00:12]} 30. Ba5
{[%clk 0:00:36]} Ra8 {[%clk 0:00:09]} 31. Rfd1 {[%clk 0:00:37]} Be7
{[%clk 0:00:07]} 32. Rc6 {[%clk 0:00:37]} Kf7 {[%clk 0:00:07]} 33. Bb4
{[%clk 0:00:36]} Ne8 {[%clk 0:00:04]} 34. Rb6 {[%clk 0:00:38]} Bd8
{[%clk 0:00:05]} 35. Rb7+ {[%clk 0:00:38]} Kg6 {[%clk 0:00:05]} 36. Rc1
{[%clk 0:00:36]} a5 {[%clk 0:00:06]} 37. Bd2 {[%clk 0:00:37]} b4 {[%clk 0:00:04]}
38. Rc6 {[%clk 0:00:38]} Bf6 {[%clk 0:00:04]} 39. Kf2 {[%clk 0:00:24]} h5
{[%clk 0:00:05]} 40. Ke2 {[%clk 0:00:19]} Kf5 {[%clk 0:00:06]} 41. Kd3
{[%clk 0:00:19]} g5 {[%clk 0:00:05]} 42. Rh7 {[%clk 0:00:14]} Kg6
{[%clk 0:00:06]} 43. Rd7 {[%clk 0:00:15]} Kf5 {[%clk 0:00:06]} 44. h3
{[%clk 0:00:12]} g4 {[%clk 0:00:06]} 45. hxg4+ {[%clk 0:00:14]} hxg4
{[%clk 0:00:07]} 46. fxg4+ {[%clk 0:00:11]} Kxg4 {[%clk 0:00:08]} 47. Rc4+
{[%clk 0:00:12]} Kf5 {[%clk 0:00:08]} 48. g4+ {[%clk 0:00:13]} Kg6
{[%clk 0:00:09]} 49. g5 {[%clk 0:00:12]} Bh8 {[%clk 0:00:07]} 50. Rh4
{[%clk 0:00:13]} Bg7 {[%clk 0:00:07]} 51. Re7 {[%clk 0:00:12]} Rc8
{[%clk 0:00:07]} 52. Re6+ {[%clk 0:00:12]} Kf5 {[%clk 0:00:08]} 53. Rh7
{[%clk 0:00:12]} Nc7 {[%clk 0:00:04]} 54. Rxg7 {[%clk 0:00:10]} Nxd5
{[%clk 0:00:03]} 55. Rxd6 {[%clk 0:00:11]} e4+ {[%clk 0:00:05]} 56. Kxe4+ 1-0

[Event "Blitz 2018"]
[Site "Saint-Petersburg"]
[Date "2018.12.29"]
[Round "2"]
[Board "8"]
[White "Yu Yangyi (CHN)"]
[Black "Khusnutdinov Rustam (KAZ)"]
[Result "1/2-1/2"]
[LiveChessVersion "1.4.8"]
[BlackElo "2582"]
[WhiteElo "2804"]

1. d4 {[%clk 0:03:03]} Nf6 {[%clk 0:03:04]} 2. c4 {[%clk 0:03:04]} e6
{[%clk 0:03:05]} 3. g3 {[%clk 0:03:03]} d5 {[%clk 0:03:06]} 4. Bg2
{[%clk 0:03:04]} dxc4 {[%clk 0:03:07]} 5. Nf3 {[%clk 0:03:04]} Bd7
{[%clk 0:03:08]} 6. O-O {[%clk 0:03:04]} Bc6 {[%clk 0:03:10]} 7. Qc2
{[%clk 0:03:04]} Nbd7 {[%clk 0:03:09]} 8. Qxc4 {[%clk 0:03:05]} Bd5
{[%clk 0:03:10]} 9. Qd3 {[%clk 0:03:04]} Be4 {[%clk 0:03:11]} 10. Qd2
{[%clk 0:03:05]} c5 {[%clk 0:03:11]} 11. Nc3 {[%clk 0:03:05]} Bc6
{[%clk 0:03:12]} 12. Rd1 {[%clk 0:03:06]} Be7 {[%clk 0:03:06]} 13. dxc5
{[%clk 0:02:45]} Bxc5 {[%clk 0:02:55]} 14. a3 {[%clk 0:02:39]} a6
{[%clk 0:02:34]} 15. b4 {[%clk 0:02:13]} Ba7 {[%clk 0:02:35]} 16. Bb2
{[%clk 0:02:11]} O-O {[%clk 0:02:35]} 17. Qf4 {[%clk 0:01:52]} Qe7
{[%clk 0:02:26]} 18. Qd6 {[%clk 0:01:37]} Qxd6 {[%clk 0:02:13]} 19. Rxd6
{[%clk 0:01:38]} Rad8 {[%clk 0:02:14]} 20. Rad1 {[%clk 0:01:37]} Bb8
{[%clk 0:02:15]} 21. R6d2 {[%clk 0:01:34]} Bc7 {[%clk 0:02:13]} 22. a4
{[%clk 0:01:14]} Nd5 {[%clk 0:01:12]} 23. Nxd5 {[%clk 0:01:05]} Bxd5
{[%clk 0:01:13]} 24. Ne1 {[%clk 0:00:18]} Nb6 {[%clk 0:00:59]} 25. Bxd5
{[%clk 0:00:16]} Rxd5 {[%clk 0:01:00]} 26. Rxd5 {[%clk 0:00:17]} Nxd5
{[%clk 0:01:01]} 27. Nd3 {[%clk 0:00:18]} Bd6 {[%clk 0:00:47]} 28. b5
{[%clk 0:00:18]} Rc8 {[%clk 0:00:27]} 29. e4 {[%clk 0:00:17]} Nb6
{[%clk 0:00:20]} 30. bxa6 {[%clk 0:00:13]} bxa6 {[%clk 0:00:21]} 31. a5
{[%clk 0:00:13]} Nc4 {[%clk 0:00:13]} 32. Rc1 {[%clk 0:00:14]} Rc7
{[%clk 0:00:10]} 33. Bc3 {[%clk 0:00:07]} Na3 {[%clk 0:00:10]} 34. Be1
{[%clk 0:00:06]} Rxc1 35. Nxc1 {[%clk 0:00:07]} Nc4 {[%clk 0:00:11]} 36. Kf1
{[%clk 0:00:07]} f5 {[%clk 0:00:10]} 37. exf5 {[%clk 0:00:07]} exf5
{[%clk 0:00:11]} 38. Ke2 {[%clk 0:00:08]} Kf7 {[%clk 0:00:11]} 39. Nb3
{[%clk 0:00:07]} g6 {[%clk 0:00:09]} 40. Kd3 Ne5+ 41. Ke2 {[%clk 0:00:06]} Nc4
{[%clk 0:00:11]} 42. f4 {[%clk 0:00:05]} Ke6 {[%clk 0:00:12]} 43. Kd3
{[%clk 0:00:06]} Kd5 {[%clk 0:00:13]} 44. Bc3 {[%clk 0:00:06]} Bc7
{[%clk 0:00:14]} 45. Bb4 {[%clk 0:00:06]} Bd6 {[%clk 0:00:12]} 46. Bc3
{[%clk 0:00:06]} Bc7 {[%clk 0:00:13]} 47. Bb4 {[%clk 0:00:07]} Bd6
{[%clk 0:00:14]} 48. Bc3 {[%clk 0:00:09]} Bc7 {[%clk 0:00:15]} 49. Bb4
{[%clk 0:00:09]} Bd6 {[%clk 0:00:17]} 50. Bc3 {[%clk 0:00:10]} Bc7
{[%clk 0:00:18]} 51. Bb4 {[%clk 0:00:09]} Bd6 {[%clk 0:00:20]} 52. Bc3
{[%clk 0:00:08]} 1/2-1/2

[Event "Blitz 2018"]
[Site "Saint-Petersburg"]
[Date "2018.12.29"]
[Round "2"]
[Board "9"]
[White "Smirin Ilia (ISR)"]
[Black "Andreikin Dmitry (RUS)"]
[Result "0-1"]
[LiveChessVersion "1.4.8"]
[BlackElo "2777"]
[WhiteElo "2582"]

1. e4 {[%clk 0:03:03]} g6 {[%clk 0:03:03]} 2. d4 {[%clk 0:03:04]} Bg7
{[%clk 0:03:04]} 3. c4 {[%clk 0:03:04]} d6 {[%clk 0:03:05]} 4. Nc3
{[%clk 0:03:05]} e5 {[%clk 0:03:06]} 5. Nf3 {[%clk 0:03:01]} exd4
{[%clk 0:03:00]} 6. Nxd4 {[%clk 0:03:01]} Nc6 {[%clk 0:03:00]} 7. Be3
{[%clk 0:02:59]} Nge7 {[%clk 0:03:00]} 8. h4 {[%clk 0:02:59]} f5 {[%clk 0:02:58]}
9. h5 {[%clk 0:02:51]} O-O {[%clk 0:02:55]} 10. hxg6 {[%clk 0:02:48]} hxg6
{[%clk 0:02:52]} 11. Nxc6 {[%clk 0:02:41]} Nxc6 {[%clk 0:02:48]} 12. exf5
{[%clk 0:02:28]} Bxf5 {[%clk 0:02:41]} 13. Bd3 {[%clk 0:02:16]} Qd7
{[%clk 0:02:28]} 14. Bxf5 {[%clk 0:02:03]} Qxf5 {[%clk 0:02:15]} 15. Qd5+
{[%clk 0:01:57]} Rf7 {[%clk 0:02:16]} 16. O-O-O {[%clk 0:01:46]} Re8
{[%clk 0:02:10]} 17. Qxf5 {[%clk 0:01:37]} gxf5 {[%clk 0:02:11]} 18. Nd5
{[%clk 0:01:35]} Ne5 {[%clk 0:02:07]} 19. b3 {[%clk 0:01:30]} Ng4
{[%clk 0:01:58]} 20. Bd4 {[%clk 0:01:06]} Re2 {[%clk 0:01:29]} 21. Bxg7
{[%clk 0:01:04]} Kxg7 {[%clk 0:01:29]} 22. Rd2 {[%clk 0:00:31]} Rxd2
{[%clk 0:01:28]} 23. Kxd2 {[%clk 0:00:32]} Nxf2 {[%clk 0:01:28]} 24. Rf1
{[%clk 0:00:23]} Ne4+ {[%clk 0:01:27]} 25. Ke3 {[%clk 0:00:23]} c6
{[%clk 0:01:25]} 26. Nf4 {[%clk 0:00:23]} Re7 {[%clk 0:01:22]} 27. Kd4
{[%clk 0:00:23]} Kf6 {[%clk 0:01:05]} 28. Kd3 {[%clk 0:00:10]} Kg5
{[%clk 0:01:03]} 29. Nh3+ {[%clk 0:00:10]} Kg6 {[%clk 0:00:43]} 30. Nf4+
{[%clk 0:00:12]} Kh6 {[%clk 0:00:43]} 31. Ne2 {[%clk 0:00:09]} Kg5
{[%clk 0:00:38]} 32. Nd4 {[%clk 0:00:09]} Ng3 {[%clk 0:00:38]} 33. Nf3+
{[%clk 0:00:06]} Kg4 {[%clk 0:00:37]} 34. Rd1 {[%clk 0:00:06]} f4
{[%clk 0:00:36]} 35. Kc3 {[%clk 0:00:00]} 0-1

[Event "Blitz 2018"]
[Site "Saint-Petersburg"]
[Date "2018.12.29"]
[Round "2"]
[Board "10"]
[White "Karjakin Sergey (RUS)"]
[Black "Najer Evgeniy (RUS)"]
[Result "1-0"]
[LiveChessVersion "1.4.8"]
[BlackElo "2573"]
[WhiteElo "2759"]

1. e4 {[%clk 0:03:03]} c5 {[%clk 0:03:03]} 2. Nf3 {[%clk 0:03:04]} d6
{[%clk 0:03:05]} 3. d4 {[%clk 0:03:06]} cxd4 {[%clk 0:03:06]} 4. Nxd4
{[%clk 0:03:07]} Nf6 {[%clk 0:03:07]} 5. Nc3 {[%clk 0:03:08]} a6 {[%clk 0:03:08]}
6. a4 {[%clk 0:03:09]} g6 {[%clk 0:03:04]} 7. Be2 {[%clk 0:03:10]} Bg7
{[%clk 0:03:05]} 8. O-O {[%clk 0:03:10]} Nc6 {[%clk 0:03:05]} 9. Be3
{[%clk 0:03:10]} Bd7 {[%clk 0:03:06]} 10. Qd2 {[%clk 0:03:03]} Rc8
{[%clk 0:03:05]} 11. Nxc6 {[%clk 0:02:51]} Bxc6 {[%clk 0:03:04]} 12. f3
{[%clk 0:02:52]} O-O {[%clk 0:03:00]} 13. a5 {[%clk 0:02:48]} Qc7
{[%clk 0:02:46]} 14. Rfd1 {[%clk 0:02:30]} Nd7 {[%clk 0:02:27]} 15. Bd4
{[%clk 0:02:29]} Bxd4+ {[%clk 0:01:58]} 16. Qxd4 {[%clk 0:02:29]} Rfd8
{[%clk 0:01:59]} 17. Rd2 {[%clk 0:02:14]} Nf6 {[%clk 0:01:59]} 18. Qe3
{[%clk 0:01:29]} Bd7 {[%clk 0:01:40]} 19. Ra3 {[%clk 0:01:13]} Qc5
{[%clk 0:01:23]} 20. Qxc5 {[%clk 0:00:51]} Rxc5 {[%clk 0:01:23]} 21. Nd1
{[%clk 0:00:47]} Rdc8 {[%clk 0:01:08]} 22. c4 {[%clk 0:00:45]} Be6
{[%clk 0:00:58]} 23. Ne3 {[%clk 0:00:44]} Nd7 {[%clk 0:00:43]} 24. b4
{[%clk 0:00:29]} R5c7 {[%clk 0:00:44]} 25. f4 {[%clk 0:00:27]} f6
{[%clk 0:00:39]} 26. Kf2 {[%clk 0:00:25]} Kf8 {[%clk 0:00:29]} 27. g4
{[%clk 0:00:14]} Bf7 {[%clk 0:00:29]} 28. Nd5 {[%clk 0:00:11]} Rc6
{[%clk 0:00:09]} 29. Ke3 {[%clk 0:00:11]} e6 {[%clk 0:00:07]} 30. b5
{[%clk 0:00:05]} axb5 {[%clk 0:00:04]} 31. cxb5 {[%clk 0:00:06]} Rc5
{[%clk 0:00:05]} 32. Nb4 {[%clk 0:00:06]} Ke7 {[%clk 0:00:06]} 33. a6
{[%clk 0:00:06]} bxa6 {[%clk 0:00:07]} 34. Nc6+ {[%clk 0:00:04]} R8xc6
{[%clk 0:00:04]} 35. bxc6 {[%clk 0:00:05]} Rxc6 {[%clk 0:00:04]} 36. Bxa6
{[%clk 0:00:05]} g5 {[%clk 0:00:04]} 37. fxg5 {[%clk 0:00:04]} fxg5
{[%clk 0:00:04]} 38. Bb5 {[%clk 0:00:05]} Rc7 {[%clk 0:00:05]} 39. Bxd7
{[%clk 0:00:06]} Rxd7 {[%clk 0:00:07]} 40. e5 {[%clk 0:00:08]} d5
{[%clk 0:00:05]} 41. Rda2 {[%clk 0:00:08]} d4+ {[%clk 0:00:06]} 42. Kd2
{[%clk 0:00:08]} Rd5 {[%clk 0:00:05]} 43. Ra7+ {[%clk 0:00:08]} Kf8
{[%clk 0:00:06]} 44. Rc7 {[%clk 0:00:05]} Rxe5 {[%clk 0:00:05]} 45. Ra8+
{[%clk 0:00:05]} Be8 {[%clk 0:00:03]} 46. Rxh7 {[%clk 0:00:03]} Rc5
{[%clk 0:00:03]} 47. Rh8+ {[%clk 0:00:05]} 1-0

[Event "Blitz 2018"]
[Site "Saint-Petersburg"]
[Date "2018.12.29"]
[Round "2"]
[Board "12"]
[White "Giri Anish (NED)"]
[Black "Demchenko Anton (RUS)"]
[Result "1/2-1/2"]
[LiveChessVersion "1.4.8"]
[BlackElo "2572"]
[WhiteElo "2751"]

1. e4 c5 2. Nf3 Nc6 3. Bb5 Nf6 4. e5 Nd5 5. Nc3 Nc7 6. Bxc6 dxc6 7. h3 Ne6 8. O-O
g6 9. d3 Bg7 10. Re1 b6 11. Ne4 O-O 12. b3 a5 13. a4 Nd4 14. Bb2 h6 15. Bxd4 cxd4
16. Qd2 c5 17. Re2 Be6 18. Rae1 Qd7 19. Qf4 Rfe8 20. Ned2 Bd5 21. e6 Bxe6 22.
Rxe6 fxe6 23. Qg4 Qd5 24. Qxg6 Qf5 25. Qg3 Kh7 26. Nc4 Rg8 27. Nh4 Qh5 28. Qg4
Qxg4 29. hxg4 Bf6 30. Nf3 Rxg4 31. Rxe6 Rag8 32. g3 h5 33. Kf1 h4 34. gxh4 Rf4
35. Ncd2 Bxh4 36. Rxb6 Bf6 37. Rb5 Rf5 38. Rxa5 Kg6 39. Ra6 Kf7 40. Rc6 Rh8 41.
Ke2 Rh1 42. a5 Ra1 43. a6 Ra2 44. Ne1 Re5+ 45. Ne4 Re6 46. Rxc5 Raxa6 47. Nf3 Ra2
48. Kd2 Rea6 49. Rc4 e5 50. Rc5 R2a5 51. Rc7+ Be7 52. Nh4 Ke6 53. Nf3 Bb4+ 54.
Ke2 Be7 55. Rc8 Ra8 56. Rc6+ Kd5 57. Rg6 Ra2 58. Kd1 Ra1+ 59. Ke2 R8a2 60. Nfd2
Rxc2 61. Rb6 Raa2 62. Kd1 Rcb2 63. Rb5+ Ke6 64. Rb6+ Kd5 65. Rb5+ Ke6 66. Rb6+
Kd7 67. Rb7+ Ke6 1/2-1/2

[Event "Blitz 2018"]
[Site "Saint-Petersburg"]
[Date "2018.12.29"]
[Round "2"]
[Board "13"]
[White "Tsydypov Zhamsaran (RUS)"]
[Black "Fedoseev Vladimir (RUS)"]
[Result "1/2-1/2"]
[LiveChessVersion "1.4.8"]
[BlackElo "2750"]
[WhiteElo "2573"]

1. c4 {[%clk 0:03:02]} e6 {[%clk 0:03:03]} 2. Nf3 {[%clk 0:03:01]} d5
{[%clk 0:03:04]} 3. d4 {[%clk 0:03:00]} Nf6 {[%clk 0:03:05]} 4. Nc3
{[%clk 0:03:00]} Nbd7 {[%clk 0:03:05]} 5. cxd5 {[%clk 0:02:50]} exd5
{[%clk 0:03:06]} 6. Bg5 {[%clk 0:02:48]} c6 {[%clk 0:03:06]} 7. e3
{[%clk 0:02:47]} Be7 {[%clk 0:03:07]} 8. Bd3 {[%clk 0:02:45]} Nh5
{[%clk 0:03:00]} 9. Bxe7 {[%clk 0:02:42]} Qxe7 {[%clk 0:03:01]} 10. O-O
{[%clk 0:02:41]} O-O {[%clk 0:02:49]} 11. Re1 {[%clk 0:02:25]} g6
{[%clk 0:02:15]} 12. e4 {[%clk 0:02:20]} dxe4 {[%clk 0:02:15]} 13. Nxe4
{[%clk 0:02:09]} Ndf6 {[%clk 0:02:11]} 14. Neg5 {[%clk 0:01:42]} Qd8
{[%clk 0:01:43]} 15. Bc4 {[%clk 0:01:28]} Nd5 {[%clk 0:01:40]} 16. Qd2
{[%clk 0:01:25]} Nhf4 {[%clk 0:01:31]} 17. g3 {[%clk 0:01:10]} Nh5
{[%clk 0:01:08]} 18. Ne4 {[%clk 0:01:01]} Nhf6 {[%clk 0:01:05]} 19. Ne5
{[%clk 0:00:36]} Kg7 {[%clk 0:00:51]} 20. Nxf6 {[%clk 0:00:31]} Qxf6
{[%clk 0:00:52]} 21. Bxd5 {[%clk 0:00:31]} cxd5 {[%clk 0:00:53]} 22. Rac1
{[%clk 0:00:33]} Bh3 {[%clk 0:00:48]} 23. Rc7 {[%clk 0:00:30]} Rae8
{[%clk 0:00:49]} 24. Re3 {[%clk 0:00:21]} Qb6 {[%clk 0:00:29]} 25. Rc5
{[%clk 0:00:16]} Qa6 {[%clk 0:00:30]} 26. Qc1 {[%clk 0:00:10]} b6
{[%clk 0:00:22]} 27. Rcc3 {[%clk 0:00:09]} Re6 {[%clk 0:00:16]} 28. a3
{[%clk 0:00:09]} Rfe8 {[%clk 0:00:15]} 29. Rc7 {[%clk 0:00:10]} Rf6
{[%clk 0:00:15]} 30. Rcc3 {[%clk 0:00:08]} Re7 {[%clk 0:00:15]} 31. Rf3
{[%clk 0:00:08]} Rxf3 {[%clk 0:00:15]} 32. Rxf3 {[%clk 0:00:09]} Rc7
{[%clk 0:00:15]} 33. Qe1 {[%clk 0:00:07]} Qa4 {[%clk 0:00:15]} 34. Rd3
{[%clk 0:00:06]} Qc2 {[%clk 0:00:15]} 35. Rc3 {[%clk 0:00:05]} Rxc3
{[%clk 0:00:13]} 36. bxc3 {[%clk 0:00:06]} Qf5 {[%clk 0:00:12]} 37. Qd1
{[%clk 0:00:04]} Qe4 {[%clk 0:00:12]} 38. Nf3 {[%clk 0:00:04]} Bg4 39. Kg2 Qf5
{[%clk 0:00:11]} 40. a4 {[%clk 0:00:05]} h5 {[%clk 0:00:11]} 41. Qe2
{[%clk 0:00:03]} Kh7 {[%clk 0:00:12]} 42. Qe3 {[%clk 0:00:03]} Bxf3+
{[%clk 0:00:10]} 43. Qxf3 {[%clk 0:00:05]} Qe6 {[%clk 0:00:10]} 44. h4
{[%clk 0:00:06]} Kg7 {[%clk 0:00:10]} 45. Qf4 {[%clk 0:00:07]} a5
{[%clk 0:00:07]} 46. Qc7 {[%clk 0:00:07]} Kf6 {[%clk 0:00:08]} 47. Qf4+
{[%clk 0:00:08]} Ke7 {[%clk 0:00:09]} 48. Qc7+ {[%clk 0:00:09]} Ke8
{[%clk 0:00:10]} 49. Qb8+ {[%clk 0:00:10]} Kd7 {[%clk 0:00:11]} 50. Qb7+
{[%clk 0:00:11]} Kd8 {[%clk 0:00:12]} 51. Qb8+ {[%clk 0:00:12]} Ke7
{[%clk 0:00:13]} 52. Qc7+ {[%clk 0:00:14]} Kf8 {[%clk 0:00:13]} 53. Qb8+
{[%clk 0:00:14]} Kg7 {[%clk 0:00:14]} 54. Qc7 {[%clk 0:00:15]} Qe4+
{[%clk 0:00:07]} 55. Kg1 {[%clk 0:00:16]} Qe6 {[%clk 0:00:08]} 56. Kg2
{[%clk 0:00:17]} Qe4+ {[%clk 0:00:08]} 57. Kg1 {[%clk 0:00:18]} Qe6
{[%clk 0:00:07]} 58. Kg2 {[%clk 0:00:19]} Kf8 {[%clk 0:00:07]} 59. Qb8+
{[%clk 0:00:20]} Kg7 {[%clk 0:00:08]} 60. Qc7 {[%clk 0:00:21]} Qe4+
{[%clk 0:00:09]} 61. Kg1 {[%clk 0:00:21]} Qe6 {[%clk 0:00:05]} 62. Kg2
{[%clk 0:00:22]} 1/2-1/2